[Event "ESP-chT"]
[Site "Sanxenxo"]
[Date "2004.11.26"]
[Round "9"]
[White "Vallejo Pons, Francisco"]
[Black "Carlsen, Magnus"]
[Result "1-0"]
[WhiteElo "2678"]
[BlackElo "2581"]
[Annotator "Rogozenco,Dorian"]
[PlyCount "77"]
[EventDate "2004.11.18"]
[EventType "team"]
[EventRounds "9"]
[EventCountry "ESP"]
[SourceTitle "CBM 105"]
[Source "ChessBase"]
[SourceDate "2005.04.11"]
[SourceVersion "1"]
[SourceVersionDate "2005.04.11"]
[SourceQuality "1"]

1. e4 c5 2. Nf3 Nc6 3. c3 Nf6 4. e5 Nd5 5. d4 cxd4 6. cxd4 d6 7. Bc4 Nb6 8. Bb3 d5 (8... dxe5 9. d5 Na5 10. Nc3) 9. Nh4 {Preventing the black Bishop to develop on f5 or g4 is the only way for White to fight for an opening advantage.} (9. Nc3 Bg4 $11) (9. h3 Bf5 $11) 9... e6 (9... Nc4 $6 10. Nc3 a6 $2 11. e6 $1 Nd6 (11... Bxe6 12. Bxc4 dxc4 13. d5 $18) (11... fxe6 12. Qh5+ $18) 12. exf7+ Nxf7 13. Bxd5 e6 14. Bxc6+ bxc6 15. Nf3 $16 {1-0 Pavasovic,D-Miladinovic,I/Nova Gorica 2003 (51)}) (9... a5 $5 10. Nc3 a4 11. Bc2 (11. Nxa4 $4 Nxa4 12. Bxa4 Qa5+ $19) (11. Bxa4 $5) 11... a3 12. bxa3 e6 13. g3 (13. Nf3) 13... Nc4 14. O-O Be7 15. Qg4 Kf8 16. Nf3 h6 17. h4 f5 18. exf6 Bxf6 19. Qf4 g5 $1 $17 {0-1 Yagupov,I-Ragozin,E/Orel 1992 (40)}) (9... g6 $5) 10. Nf3 {The pawn structure reminds of the French Defense. The difference in development of the pieces is that White has the bishop on b3 and Black the knight on b6. It's a matter of personal preference how to evaluate this double-edged position. Black's play is somewhat more difficult (because of certain problems with the king). I believe that he should play for a quick ...e7 and ...f6 rather than what he did in the present game.} Bd7 (10... Bb4+ 11. Nc3 (11. Bd2 Be7) 11... Na5 12. Bc2 h6 13. h4 Bd7 14. Rh3 Bxc3+ $13 {0-1 Jonkman,H-Alekseev,E/Wijk aan Zee 2005 (53)}) (10... Be7 11. Nc3 f6 12. exf6 Bxf6 $13) ({RR} 10... Be7 11. O-O Bd7 12. Nc3 {½-½ (12) Pavasovic,D (2584)-Movsesian,S (2659) Istanbul 2003}) 11. Nc3 (11. a3 Qc7 12. Nc3 Na5 13. Bc2 f5 14. O-O Be7 $11 {0-1 Prelevic,M-Horvath,A/Budapest 1998 (40)}) 11... Rc8 {A committing move. If Black is not willing to castle short (like in the present game), then in such positions it is advisable for him to keep for a while the possibility to castle long.} (11... Be7 12. O-O (12. Bc2 Nc4 13. O-O Qa5 14. a3 O-O-O $13 {1-0 Har Zvi,R-Shmuter,L/Rishon Le Ziyyon 1995 (30)}) 12... O-O 13. Bc2 f6 14. Qd3 g6 15. a3 Rf7 {½-½ Filipovic,B-Lazarev,V/Switzerland 2003}) 12. O-O h6 $6 {Another committing decision. It's clear that Black failed to find a clear plan.} ({RR} 12... Be7 13. a3 a6 14. Re1 Na7 15. Bd2 Nc4 16. Bxc4 Rxc4 17. Qb3 b6 18. Rac1 a5 19. Be3 O-O 20. Nd2 Rc8 21. Qd1 b5 22. Qg4 f5 23. exf6 Bxf6 24. Nf3 e5 25. Qh5 Be8 26. Qg4 e4 27. Ne5 {Schwab,T (1924)-Mainka,R (2351) Heimbach-Weis GER 2025 0-1 (67)}) 13. h4 $146 ({RR} 13. a3 a6 14. Bc2 Na5 15. Nd2 g6 16. Bd3 h5 17. Qf3 Bh6 18. Qg3 h4 19. Qg4 Qg5 20. Qh3 Qe7 21. Nf3 Nb3 22. Bxh6 Rxh6 23. Rad1 Kf8 24. Nd2 Nxd2 25. Rxd2 Kg7 26. Rc2 Rhh8 27. Rfc1 Qg5 {Collins,S (2409)-Dominguez Aguilar,G (2342) Turin 2006 1-0 (60)}) 13... g6 $6 14. g3 Bb4 (14... Bg7 15. Nb5 $16) 15. Bc2 Ne7 16. Ne2 Nf5 17. Bd3 Be7 18. Kg2 Nc4 {It may look like Black has two strong knights. This is a wrong impression though, since they both are very unstable. In fact without all four knights Black's position would have been very acceptable.} 19. Rh1 $16 {As a result of opponent's completely irresponsible play White achieved a huge advantage. Black's problem is obviously the king. He can't find a safe place on the board for his monarch. For the moment it's relatively safe in the center, but this is a temporary safety, since the lack of coordination between black pieces will sooner or later play its role.} Qb6 (19... O-O 20. b3 Nb6 21. Bxf5 exf5 22. Bxh6 $18) 20. b3 Na5 21. Nf4 Nc6 22. Bxf5 {Time for concrete actions. White penetrates with the knight on f6, which means that the happy life of black king is over.} gxf5 23. Nh5 Nb4 24. Nf6+ Kd8 (24... Bxf6 25. exf6 Bb5 26. Bf4 Nd3 27. Qd2 $16) 25. Ne1 Qa6 26. a3 Bb5 (26... Nc6 27. Be3 Kc7 28. Nd3 $16) 27. Bxh6 $1 {[%cal Gd1a1] No wonder that White finds a tactical solution in order to achieve the decisive advantage.} Rxh6 28. axb4 Qb6 29. Qd2 Rh8 30. Nf3 Bxb4 31. Qg5 Kc7 32. Rac1+ Bc6 33. h5 $18 {This pawn decides the outcome.} Bf8 34. h6 Qxb3 35. h7 Qa3 36. Qg8 Be7 37. Qxf7 Rcf8 38. Qg7 Kd8 39. Ra1 {The reason of Black's loss is a bad understanding of the "king's problem" in chess.} 1-0

[Event "Drammen Smartfish Masters"]
[Site "Drammen"]
[Date "2004.12.28"]
[Round "2"]
[White "Carlsen, Magnus"]
[Black "Lie, Kjetil A"]
[Result "1/2-1/2"]
[WhiteElo "2581"]
[BlackElo "2474"]
[PlyCount "129"]
[EventDate "2004.12.27"]
[EventType "tourn"]
[EventRounds "9"]
[EventCountry "NOR"]
[EventCategory "14"]
[SourceTitle "CBM 105"]
[Source "ChessBase"]
[SourceDate "2005.04.11"]
[SourceVersion "1"]
[SourceVersionDate "2005.04.11"]
[SourceQuality "1"]

1. e4 c5 2. Nf3 g6 3. d4 cxd4 4. Nxd4 Bg7 5. c4 Nc6 6. Be3 Nf6 7. Nc3 O-O 8. Be2 d6 9. O-O Bd7 10. Qd2 Nxd4 11. Bxd4 Bc6 12. Bd3 a5 13. b3 Nd7 14. Bxg7 Kxg7 15. Rfe1 Qb6 ({RR} 15... Nc5 16. Bc2 f6 17. Rad1 Qb6 18. Re3 Rfe8 19. Nd5 Qd8 20. Rh3 h5 21. f4 e6 22. Nc3 f5 23. Qd4+ Qf6 24. e5 dxe5 25. Qxc5 exf4 26. Qf2 Qg5 27. Re1 e5 28. Nd5 Rad8 29. Rd3 h4 30. Qd2 {Sarana,A (2668)-Martinez Alcantara,J (2597) chess.com INT 2022 0-1 (47)}) 16. Bf1 Ne5 $146 ({RR} 16... Rfe8 17. Rab1 Nf8 18. Re3 Kg8 19. h4 Qc5 20. Nd5 Bxd5 21. exd5 e5 22. h5 Qc7 23. Rbe1 Re7 24. f4 Rae8 25. f5 f6 26. fxg6 hxg6 27. Qf2 f5 28. Rh3 f4 29. Qh4 Rh7 30. Qg4 Qg7 31. Bd3 {Paljusaj,E (2334)-Garriga Cazorla,P (2056) Barcelona 2012 0-1 (59)}) ({RR} 16... a4 17. Nd5 Bxd5 18. exd5 axb3 19. Qc3+ Nf6 20. axb3 Rxa1 21. Rxa1 Rc8 22. g3 Kg8 23. Bh3 Rc7 24. Ra8+ Kg7 25. Bg2 Qc5 26. Ra5 Qb6 27. g4 h6 28. h4 g5 29. hxg5 hxg5 30. Ra8 Qc5 31. Qd2 {Tan,J (2421)-Adury,A (2268) Hajduszoboszlo HUN 2025 1-0 (40)}) 17. Nd5 Bxd5 18. exd5 e6 19. Rad1 exd5 20. Qxd5 Rfe8 21. Re3 Ng4 22. Rf3 Re6 23. Qg5 h5 24. Qd2 Rae8 25. h3 Ne5 26. Rf4 Nc6 27. Qc3+ Kg8 28. a3 Qd8 29. Rf3 Ne5 30. Re3 b6 31. g3 h4 32. Bg2 hxg3 33. Rxg3 Qf6 34. Bd5 R6e7 35. Qd4 Kg7 36. Qxb6 Nd7 37. Qxa5 Re2 38. Qc3 Ne5 39. Rf1 Qf4 40. a4 Rh8 41. a5 Rh5 42. Bf3 Rc2 43. Qxc2 Nxf3+ 44. Kh1 Nd2 45. Qc3+ Kf8 46. Kg2 Nxf1 47. Kxf1 Rf5 48. Rg2 Qe4 49. Rg4 Qh1+ 50. Rg1 Qe4 51. Qd2 Qb1+ 52. Kg2 Qxb3 53. Qxd6+ Kg8 54. a6 Qxc4 55. Re1 Kh7 56. a7 Qc8 57. Qd4 Rg5+ 58. Kf1 Qxh3+ 59. Ke2 Qh5+ 60. Kf1 Qh3+ 61. Ke2 Qh5+ 62. Kd3 Qf3+ 63. Kc2 Qc6+ 64. Kd2 Ra5 65. Ra1 1/2-1/2

[Event "Drammen Smartfish Masters"]
[Site "Drammen"]
[Date "2005.01.03"]
[Round "7"]
[White "Carlsen, Magnus"]
[Black "Shirov, Alexei"]
[Result "1-0"]
[WhiteElo "2581"]
[BlackElo "2726"]
[Annotator "Wedberg,Tom"]
[PlyCount "75"]
[EventDate "2004.12.27"]
[EventType "tourn"]
[EventRounds "9"]
[EventCountry "NOR"]
[EventCategory "14"]
[SourceTitle "CBM 105"]
[Source "ChessBase"]
[SourceDate "2005.04.11"]
[SourceVersion "1"]
[SourceVersionDate "2005.04.11"]
[SourceQuality "1"]

{This game is no masterpiece, but it's a fighting game. The fact that young Magnus Carlsen manages to beat the great Alexei Shirov with his own methods is quite impressive.} 1. e4 e5 2. Nf3 Nc6 3. Bb5 a6 4. Ba4 Nf6 5. O-O Be7 6. Re1 b5 7. Bb3 O-O 8. c3 d6 9. h3 Nb8 10. d4 Nbd7 11. Nbd2 Bb7 12. Bc2 Re8 13. Nf1 Bf8 14. Ng3 g6 15. b3 c6 16. Bg5 Bg7 17. Qd2 Qc7 (17... Qe7 18. Rad1 Qf8 19. Nf1 h6 20. Bh4 Rac8 21. N1h2 exd4 22. cxd4 c5 $132 {1-0 Karjakin,S-Sasikiran,K/playchess.com 2004/EXT 2005 (60)}) 18. a4 d5 $146 {[%mdl 8]} (18... Rad8 19. Bd3 Nf8 20. Qc2 Ne6 21. Be3 Nd7 22. Rec1 Qb8 23. axb5 axb5 24. b4 $14 {1-0 Acs,P-Gabriel,C/Germany 2004/EXT 2005 (43)}) 19. dxe5 Nxe5 20. Nxe5 Qxe5 21. Bf4 (21. f4 Qc7 22. e5 Nd7 $13) 21... Qe6 22. e5 Nd7 23. Bh6 Bh8 24. f4 Qe7 25. Re3 $146 ({RR} 25. Qf2 Nf8 26. Rf1 {½-½ (26) Zhigalko,S (2504)-Belov,V (2589) St Petersburg 2006}) 25... Nf8 26. Rf1 {White is looking for a knock out on the -side but the black forces are well placed to withstand any attempts to storm.} c5 27. f5 d4 $5 (27... Bxe5 $5) 28. cxd4 cxd4 29. fxg6 $6 {[%mdl 512] A brave but incorrect sacrifice. From a psychological point of view this move is close to a winner.} (29. Qxd4 Bxe5 $13) 29... hxg6 $6 {Shirov accepts the calculations made by his young adversary. But he should have taken the .} (29... dxe3 $1 30. gxf7+ Qxf7 31. Qxe3 Qc7 $1 32. Qg5+ Ng6 33. Bxg6 Qb6+ 34. Kh1 Qxg6 $19) 30. Nf5 $5 {Once you have your opponent on the defensive - throw everything at him. Shirov himself has made a nice career from that strategy.} gxf5 31. Rg3+ Ng6 32. Bxf5 Qxe5 33. Rg4 Bg7 (33... Qd6 34. Qd3 Re6 35. h4 $1 $40) 34. Bxg6 fxg6 35. Rxg6 Re7 36. Rf4 Be4 $4 {The deciding mistake.} (36... Rc8 $1 37. Rfg4 Rcc7 $17) 37. Rg5 $1 Qe6 38. Bxg7 $18 1-0

[Event "Drammen Smartfish Masters"]
[Site "Drammen"]
[Date "2005.01.04"]
[Round "8"]
[White "Macieja, Bartlomiej"]
[Black "Carlsen, Magnus"]
[Result "1-0"]
[WhiteElo "2613"]
[BlackElo "2581"]
[Annotator "Mikhalevski,Victor"]
[PlyCount "139"]
[EventDate "2004.12.27"]
[EventType "tourn"]
[EventRounds "9"]
[EventCountry "NOR"]
[EventCategory "14"]
[SourceTitle "CBM 105"]
[Source "ChessBase"]
[SourceDate "2005.04.11"]
[SourceVersion "1"]
[SourceVersionDate "2005.04.11"]
[SourceQuality "1"]

1. e4 {Mikhalevski,Victor} c5 2. Nc3 Nc6 3. Nf3 g6 4. d4 cxd4 5. Nxd4 Bg7 6. Be3 Nf6 7. Bc4 O-O 8. Bb3 e6 {This rare move is a pet-line of GM Zvjaginsev. He is the only player to advocate the position on the GM level in the recent years.} ({RR} 8... a5 9. O-O d6 10. Ndb5 b6 ({RR} 10... Bd7 11. f3 Ne5 12. a4 Rc8 13. Qe2 Be6 14. Bxe6 fxe6 15. b3 Nc6) 11. Re1 Ba6 12. a4 Rc8 13. Nd5 Nd7 14. Bg5) ({RR} 8... d6) 9. f4 ({RR} 9. Qd2 d5 ({RR} 9... Ng4 10. Bg5 Qa5 11. Nxc6 dxc6 12. Rd1) 10. exd5 Nxd5 11. Nxd5 exd5 12. O-O Be6 ({RR} 12... Na5 13. c3 Nc4 14. Bxc4 dxc4 15. Bh6) 13. Rfe1 Re8 14. Rad1 a6 ({RR} 14... Na5 15. Ba4 Nc4 16. Qb4 Bd7) 15. c3 Na5 16. Bh6 ({RR} 16. Bc2 Nc4) 16... Nxb3 ({RR} 16... Bf6 17. Bc2 Nc4 18. Qc1 Rc8) 17. axb3 ({RR} 17. Nxb3 Bf6 18. Be3 Rc8 19. Bd4 Bg5) 17... Bh8 18. h3 Rc8 19. Re2 Bd7 20. Rxe8+ Qxe8 21. Re1 Qd8 22. Bg5 Qc7 23. Bf4 Qc5 {Ivanchuk,V (2739)-Malakhov,V (2670) Sochi 2005 EXT 2020 [Mikhalevski,Victor] ½-½ (67)}) ({RR} 9. O-O) 9... d6 {I believe Magnus had chosen this move after studying recent developments in the 8...e6. 9...Ng4?! was almost refuted by Grischuk and so the young Norwegian follows another recent game of Zvjaginsev.} (9... Ng4 $6 10. Qxg4 $1 {was reviewed in Nataf-Zvjaginsev,V, Petrosian mem Internet 2004. See Grischuk,A-Zvjaginsev,V/Poikovsky RUS 2004.} (10. Bg1 {promised no advantage in view of} e5 $1 11. Nxc6 dxc6 12. Qxd8 Rxd8 13. h3 Nf6 14. fxe5 Ne8 15. Bh2 Nc7 16. O-O Be6 17. Rad1 Bxb3 18. axb3 Ne6 19. Bg3 {and a draw was agreed in Svidler,P-Zvjaginsev,V/Pojkovsky 2003.})) ({RR} 9... Ng4 10. Qxg4) ({RR} 9... Qa5 10. O-O d6 11. h3 Rd8 12. Qf3 d5 13. e5 Nxd4 14. Bxd4 Nd7 15. Ne2 Nc5 16. c3 Ne4 17. Rad1 b5 18. a3 Qc7 19. Qe3 Bf8 20. Bc2 Nc5 21. Rd2 a5 22. b4 Nd7 23. Bd3 axb4 24. axb4 {Gikas,A (2104)-Prado,A (1877) Reykjavik ISL 2024 1-0 (37)}) 10. Qf3 $1 {[%cal Ge1c1] White prepares long castle. It's clear that both players were aware of the below-mentioned game of Zviaginsev.} (10. Ndb5 $6 {was strongly met by a very interesting tactical blow.} Nxe4 $1 {½-½ Nataf,I-Zvjaginsev,V/ICC INT 2004/CBM105 [Mikhalevski,V] (20)}) ({RR} 10. Ndb5 Nxe4) 10... Nxd4 $146 ({RR} 10... a6 11. O-O-O Qc7 12. g4 Nxd4 13. Bxd4 e5 14. fxe5 dxe5 15. Qg3 Qe7 16. Qxe5 Qxe5 17. Bxe5 Nxg4 18. Bd6 Rd8 19. Bc5 Rxd1+ 20. Rxd1 Be6 21. Nd5 Be5 22. h3 Nf6 23. Nxf6+ Bxf6 24. Bxe6 Bg5+ 25. Kb1 {Cubas,J (2459)-Delgado Ramirez,N (2604) Florianopolis 2015 ½-½ (38)}) ({RR} 10... e5 11. Nxc6 bxc6 12. fxe5 Ng4 13. exd6 Nxe3 14. Qxe3 Qxd6 15. Rd1 Qf6 16. Qf2 Qe7 17. O-O Ba6 18. Rfe1 Rad8 19. Rxd8 Rxd8 20. e5 Bc8 21. h3 Bf5 22. Ne2 Qxe5 23. Ng3 Qxb2 24. Nxf5 gxf5 25. Qxf5 {Carlsen,M (2646)-Malakhov,V (2691) Sarajevo 2006 ½-½ (49)}) 11. Bxd4 Bd7 12. O-O-O ({Also a plan with the short castle deserves attention.} 12. O-O {[%cal Ga1d1]} Bc6 13. Rad1 $14) 12... Bc6 (12... e5 $6 {is dubious in view of} 13. fxe5 Bg4 14. Qf4 dxe5 15. Bxe5 Bxd1 16. Rxd1 {[%csl Rd8,Rf6]}) 13. Be5 {White underestimates the queen sacrifice.} ({Probably he should have preffered} 13. g4 {[%cal Gg4g5]}) 13... dxe5 $1 {A strong positioal sacrifice of the queen. Soon Black will return the e5-pawn and obtain control over the dark squares.} ({After the passive} 13... Ne8 $6 14. Bxg7 Kxg7 15. h4 $14 {[%cal Gh4h5] White has a clear advantage.}) 14. Rxd8 Raxd8 15. fxe5 Nd7 {[%cal Gd7e5]} 16. Qe3 $1 {[%cal Ge3a7] With a modest idea of Qxa7.} a6 $6 {A serious inaccuracy, which allows White to trade his bad-placed knight.} ({Brave} 16... b5 $1 {[%cal Ga7a5] deserved serious attention. For example} 17. Qxa7 b4 18. Nd1 Bxe4 {[%csl Re5,Rg2] First Black wins back one pawn and then another and gets good counterplay. His bishops are very strong.}) 17. Nd5 $1 {[%cal Gd5e7] This move has become possible thanks to the last move. Now after accepting the sacrifice Black's light-squared bishop will not be able to escape to a6.} Rfe8 $1 {Preventing Ne7+ with the exchange of the strong light-squared bishop.} (17... exd5 18. exd5 Bb5 $2 (18... Nxe5 $142 19. dxc6 Nxc6) 19. e6 $1 Rfe8 20. a4 $1 $18 {[%csl Rb5] and trapping the bishop White obtains a decisive advantage.}) 18. Nf6+ ({I don't understand why White hadn't exchanged the bishop by means of} 18. Nb4 Bb5 $140 19. a4) 18... Nxf6 19. exf6 Bxf6 {Now strong black bishops seem to compensate White's material advantage.} 20. c3 $1 {A useful move. White takes control over the d4-square, restricts the f6-bishop and prepares retreat of the light-squared bishop to c2.} Rd7 21. h4 Kg7 $1 22. g4 (22. h5 {doesn't reach the goal in view of} h6 $1 {[%csl Rc1,Re3][%cal Gf6g5]}) 22... h6 23. Rh2 {[%cal Ge4e5]} (23. g5 {is not dangerous for Black since his bishop occupies a nice square on e5 after} hxg5 24. hxg5 Be5 25. Qh3 $140 $4 Bf4+ 26. Kb1 Bxe4+) 23... g5 $5 {Black closes position on the kingside.} (23... Be5 {also looked not bad.}) 24. e5 Be7 25. h5 Red8 $1 {[%cal Gd7d3] Black takes the d-file and obtains initiative.} 26. Rh3 {[%csl Rd3]} Bb5 {[%cal Gd7d3] Black renews the threat of Rd3.} 27. Bc2 (27. Rh1 $5 {[%cal Gh1d1] with the idea to trade a pair of rooks looks logical.} Rd3 28. Qb6 $1 {[%csl Rb7]} Bc6 29. Rd1) 27... Bc6 $1 {[%csl Rh3]} 28. Qe2 $1 Rd5 {[%csl Re5][%cal Ge7d8,Gd8c7,Yd8d7] Black finds a target.} 29. Bb3 (29. Rd3 $4 {is impossible in view of} Bb5 {[%csl Rd3,Re2]}) 29... Rc5 30. Re3 Rd7 {[%csl Re5][%cal Ge7d8,Gd8c7]} 31. Bc2 Bd8 32. Rd3 $1 {White exploits the last move in order to trade the rooks.} Rcd5 ({Now} 32... Bb5 {is not dangerous in view of} 33. Qe3 $1 {[%csl Rc5]}) 33. Rxd5 Rxd5 {[%cal Gd8c7]} 34. Bb3 Rd7 ({Black could go on with his plan of attacking the e5-pawn.} 34... Ra5 $1 35. Qd3 $1 Bc7 36. Bxe6 $1 Bxe5 37. Bc4 Bf4+ 38. Kc2 Re5 $44 {and Black is fine.}) 35. Bc2 Rd5 $1 36. Bb3 Rd7 37. Bc2 Bb6 $2 {Magnus is too optimistic.} (37... Rd5 $11 {repeating the position was necessary.}) 38. Be4 $1 {After this exchange of bishops White obtains a clear advantage.} Bd5 39. Bxd5 Rxd5 40. Qf3 $1 {[%csl Rb7,Rf7,Rh6][%cal Gc3c4,Gf3f6]} Bd8 $1 {A sad necessity.} (40... Bc7 41. Qf6+) 41. c4 Rd7 ({I believe an active defence} 41... Rxe5 42. Qxb7 a5 {offered more practical chances.}) 42. Kc2 a5 43. Kb3 $1 $18 {[%cal Gb3a4] White prepares Ka4 followed by advance of the queenside pawns.} Be7 44. Qe3 {[%cal Gb3a4]} ({Also strong was} 44. Ka4 $5 b6 45. Qf2 $1) 44... Bf8 {Black can't prevent creating of a passed pawn on the queenside.} 45. Ka4 (45. a3 $5 Rc7 46. Qd4 Rc6 47. Ka4 $18) 45... Bb4 46. a3 Bd2 47. Qb6 Be1 48. b3 {White is not in a hurry.} Bc3 49. Qe3 Bd2 50. Qc5 Be1 51. Qe3 Bd2 52. Qf2 {[%cal Gf2f6]} Bc3 ({Also} 52... Bf4 53. Qc5 Rd3 54. Qb5 Rg3 55. Qxb7 Rxg4 56. c5 Bxe5+ 57. Kxa5 {looks hopeless for Black.}) 53. Qf6+ Kh7 54. Qf3 Bd2 55. Qd1 Kg7 56. Kb5 Rd3 57. b4 axb4 58. axb4 Rd7 59. Qf3 Bf4 60. Qe4 Bd2 61. Qe2 Bc3 62. Qe3 Bd4 63. Qe1 Bb2 64. Kb6 Bd4+ 65. c5 Bb2 66. Ka7 {[%cal Ga7b8,Gb8c8]} Rd3 ({Also a tougher defense} 66... Bd4 {would have been broken with} 67. Kb8 Kf8 68. Kc8 Ke8 69. Qf1 $1 {[%cal Gf1b5]} Ke7 ({or} 69... Rd8+ 70. Kxb7) 70. Qf6+ Ke8 71. Qh8+ Ke7 72. Qxh6 Bxe5 73. Qxg5+ $18) 67. Kxb7 {The rest was unnecessary.} Bc3 68. Qb1 Rd5 69. c6 Bxe5 70. b5 {A very nice technical win of the ex-European Champion.} 1-0

[Event "Drammen Smartfish Masters"]
[Site "Drammen"]
[Date "2005.01.05"]
[Round "9"]
[White "Carlsen, Magnus"]
[Black "Khalifman, Alexander"]
[Result "1/2-1/2"]
[WhiteElo "2581"]
[BlackElo "2669"]
[PlyCount "54"]
[EventDate "2004.12.27"]
[EventType "tourn"]
[EventRounds "9"]
[EventCountry "NOR"]
[EventCategory "14"]
[SourceTitle "CBM 105"]
[Source "ChessBase"]
[SourceDate "2005.04.11"]
[SourceVersion "1"]
[SourceVersionDate "2005.04.11"]
[SourceQuality "1"]

1. e4 c5 2. Nf3 Nc6 3. Bb5 g6 4. O-O Bg7 5. Re1 Nf6 6. Nc3 O-O 7. e5 Ne8 8. Bxc6 dxc6 9. d3 Nc7 10. Ne4 b6 11. h3 Ne6 12. Be3 Nd4 13. Nxd4 cxd4 14. Bf4 c5 ({RR} 14... Qd5 15. Nd2 c5 16. a4 Bb7 17. f3 f6 18. exf6 exf6 19. b3 Rae8 20. Nc4 Bc6 21. Qd2 f5 22. Bh6 Bxh6 23. Qxh6 Rxe1+ 24. Rxe1 Re8 25. Rxe8+ Bxe8 26. Qf4 Bf7 27. Qb8+ Kg7 28. Qxa7 Qe6 29. Qxb6 {Beulen,M (2359)-Sroczynski,M (2236) chess.com INT 2025 1-0 (49)}) 15. Qf3 $146 ({RR} 15. Qd2 Bb7 16. Bh6 Qd5 17. Bxg7 Kxg7 18. Qf4 Rae8 19. f3 f5 20. exf6+ exf6 21. Nd2 Qf7 22. a4 a5 23. Nc4 Re6 24. Nd6 Rxe1+ 25. Rxe1 Qc7 26. Nf5+ {1-0 (26) Hasangatin,R (2479)-Buscar,M (2088) Chess.com INT 2020}) ({RR} 15. Qd2 Re8 16. h4 Qd5 17. Ng3 Bb7 18. f3 Rac8 19. b3 b5 20. a4 a6 21. axb5 axb5 22. h5 c4 23. bxc4 bxc4 24. hxg6 hxg6 25. Kf2 cxd3 26. cxd3 Rc6 27. Ra5 Qb3 28. Re2 Rec8 29. Ra2 Rc3 {Petrov,M (2449)-Tisaj,D (2339) Chess.com INT 2019 0-1 (44)}) 15... Be6 16. Qg3 Qd5 17. Qh4 f6 18. exf6 exf6 19. Bh6 Bf5 20. Bxg7 Kxg7 21. b3 Rae8 22. Ng3 Bd7 23. Qf4 Bc6 24. f3 Re5 25. Rxe5 Qxe5 26. Qxe5 fxe5 27. Re1 Kf6 1/2-1/2